00545nam a22001697a 450000500170000000800410001702000210005808200190007910000200009824501110011825000120022926000360024130000330027750000190031065000240032970000220035320250730154904.0250730b |||||||| |||| 00| 0 eng d a978-03230-1723-1 a617.52 bSAP-C aSapp, J. Philip aContemporary Oral and Maxillofacial Pathology /cby J. Philip Sapp , Lewis R. Eversole , George P. Wysocki a6th .ed aSingapore :bElsevier ;c2024 . ax, 450 p. :bill, ;c28 cm . aInclude Index. aMedical / Pathology aLewis R. Eversole